• 首页
  • 本馆介绍
  • 公告通知
  • 最新文献
  • 馆藏检索
  • 电子资源
  • 读者导购
  • 参考咨询
  • 我的图书馆
  • 登录
  • 详细信息显示
  • 放入我的书架
  • 预约/预借图书
  • 作者相关作品
  • 分类相关作品
  • 丛书相关作品
  • 出版社相关作品

书目信息

  • 表格格式
  • 工作单格式
  • 卡片格式
题名:
教育管理理论与实践研究
    
 
作者: 王琨媛 , 黄耀宇 著
分册:  
出版信息: 北京   中国原子能出版社  2018
页数: 176页
开本: 26cm
丛书名:
单 册:
中图分类: G40-058 , G40
科图分类:
主题词: 教育管理--研究
电子资源:
ISBN: 978-7-5022-9607-0
000 01037nam0 2200253 450
001 2374676184
005 20231205204450.17
010    @a978-7-5022-9607-0@dCNY52.00
100    @a20211202d2018 em y0chiy50 ea
101 0  @achi
102    @aCN@b110000
105    @ay a 000yy
200 1  @a教育管理理论与实践研究@Ajiao yu guan li li lun yu shi jian yan jiu@f王琨媛, 黄耀宇著
210    @a北京@c中国原子能出版社@d2018
215    @a176页@d26cm
320    @a有书目 (第176页)
330    @a本书在内容上对国内外教育管理理论兼收并蓄, 紧密结合我国教育状况的实际, 从教育管理原理、教育行政管理、学校管理三个方面入手, 既阐述、探讨了教育管理理论, 又重点分析、讲述了教育行政体制、预测规划、政策法规、督导评价等教育行政管理实务, 并结合学校管理的实际, 对各类学校的目标管理、质量管理和领导艺术等提出了可行的建议及具体操作方法。
606 0  @a教育管理@x研究
690    @aG40-058@v5
690    @aG40@v4
701  0 @a王琨媛@Awang kun yuan@4著
701  0 @a黄耀宇@Ahuang yao yu@4著
801  0 @aCN@b湖北三新@c20211202
905    @aZUCC@dG40@e991
    
    教育管理理论与实践研究/王琨媛, 黄耀宇著.-北京:中国原子能出版社,2018
    176页;26cm
    
    
    ISBN 978-7-5022-9607-0:CNY52.00
    本书在内容上对国内外教育管理理论兼收并蓄, 紧密结合我国教育状况的实际, 从教育管理原理、教育行政管理、学校管理三个方面入手, 既阐述、探讨了教育管理理论, 又重点分析、讲述了教育行政体制、预测规划、政策法规、督导评价等教育行政管理实务, 并结合学校管理的实际, 对各类学校的目标管理、质量管理和领导艺术等提出了可行的建议及具体操作方法。
●
相关链接 在五车中查询图书 在当当中查询图书 在豆瓣中查询图书


正题名:教育管理理论与实践研究     索取号:G40/991         预约/预借

序号 登录号 条形码 馆藏地/架位号 状态 备注
1 2001347391   2001347391   三新/湖北三新(第三批)/1881/ [索取号:G40/991] 在馆    
2 2001347392   2001347392   三新/湖北三新(第三批)/1881/ [索取号:G40/991] 在馆    
3 2001347393   2001347393   三新/湖北三新(第三批)/1881/ [索取号:G40/991] 在馆    
4 2001347394   2001347394   三新/湖北三新(第三批)/1881/ [索取号:G40/991] 在馆    
5 2001347395   2001347395   三新/湖北三新(第三批)/1881/ [索取号:G40/991] 在馆    
6 2001347396   2001347396   三新/湖北三新(第三批)/1881/ [索取号:G40/991] 在馆    
7 2001347397   2001347397   三新/湖北三新(第三批)/1881/ [索取号:G40/991] 在馆    
8 2001347398   2001347398   三新/湖北三新(第三批)/1881/ [索取号:G40/991] 在馆    
9 2001347399   2001347399   三新/湖北三新(第三批)/1881/ [索取号:G40/991] 在馆    
10 2001347400   2001347400   三新/湖北三新(第三批)/1881/ [索取号:G40/991] 在馆    
11 2001347401   2001347401   三新/湖北三新(第三批)/1881/ [索取号:G40/991] 在馆    
12 2001347402   2001347402   三新/湖北三新(第三批)/1881/ [索取号:G40/991] 在馆    
13 2001347403   2001347403   三新/湖北三新(第三批)/1881/ [索取号:G40/991] 在馆    
14 2001347404   2001347404   三新/湖北三新(第三批)/1881/ [索取号:G40/991] 在馆    
15 2001347405   2001347405   三新/湖北三新(第三批)/1881/ [索取号:G40/991] 在馆    
16 2001347406   2001347406   三新/湖北三新(第三批)/1881/ [索取号:G40/991] 在馆    
17 2001347407   2001347407   三新/湖北三新(第三批)/1881/ [索取号:G40/991] 在馆    
18 2001347408   2001347408   三新/湖北三新(第三批)/1881/ [索取号:G40/991] 在馆    
19 2001347409   2001347409   三新/湖北三新(第三批)/1882/ [索取号:G40/991] 在馆    
20 2001347410   2001347410   三新/湖北三新(第三批)/1882/ [索取号:G40/991] 在馆    
21 2001347411   2001347411   三新/湖北三新(第三批)/1882/ [索取号:G40/991] 在馆    
22 2001347412   2001347412   三新/湖北三新(第三批)/1882/ [索取号:G40/991] 在馆    
23 2001347413   2001347413   三新/湖北三新(第三批)/1882/ [索取号:G40/991] 在馆    
24 2001347414   2001347414   三新/湖北三新(第三批)/1882/ [索取号:G40/991] 在馆    
25 2001347415   2001347415   三新/湖北三新(第三批)/1882/ [索取号:G40/991] 在馆    
26 2001347416   2001347416   三新/湖北三新(第三批)/1882/ [索取号:G40/991] 在馆    
27 2001347417   2001347417   三新/湖北三新(第三批)/1882/ [索取号:G40/991] 在馆    
28 2001347418   2001347418   三新/湖北三新(第三批)/1882/ [索取号:G40/991] 在馆    
29 2001347419   2001347419   三新/湖北三新(第三批)/1882/ [索取号:G40/991] 在馆    
30 2001347420   2001347420   三新/湖北三新(第三批)/1882/ [索取号:G40/991] 在馆    
山东省滨州职业学院图书馆 欢迎您!
大连网信软件有限公司© 版权所有